<?xml version="1.0" encoding="UTF-8"?><?xml-stylesheet type="text/xsl" href="static/style.xsl"?><OAI-PMH xmlns="http://www.openarchives.org/OAI/2.0/" xmlns:xsi="http://www.w3.org/2001/XMLSchema-instance" xsi:schemaLocation="http://www.openarchives.org/OAI/2.0/ http://www.openarchives.org/OAI/2.0/OAI-PMH.xsd"><responseDate>2026-04-17T03:07:19Z</responseDate><request verb="GetRecord" identifier="oai:www.recercat.cat:2117/393727" metadataPrefix="marc">https://recercat.cat/oai/request</request><GetRecord><record><header><identifier>oai:recercat.cat:2117/393727</identifier><datestamp>2025-07-23T01:30:51Z</datestamp><setSpec>com_2072_1033</setSpec><setSpec>col_2072_452951</setSpec></header><metadata><record xmlns="http://www.loc.gov/MARC21/slim" xmlns:dcterms="http://purl.org/dc/terms/" xmlns:xsi="http://www.w3.org/2001/XMLSchema-instance" xmlns:doc="http://www.lyncode.com/xoai" xsi:schemaLocation="http://www.loc.gov/MARC21/slim http://www.loc.gov/standards/marcxml/schema/MARC21slim.xsd">
   <leader>00925njm 22002777a 4500</leader>
   <datafield ind2=" " ind1=" " tag="042">
      <subfield code="a">dc</subfield>
   </datafield>
   <datafield ind2=" " ind1=" " tag="720">
      <subfield code="a">González de Chavarri Ylla, Paula</subfield>
      <subfield code="e">author</subfield>
   </datafield>
   <datafield ind2=" " ind1=" " tag="260">
      <subfield code="c">2023-07-12</subfield>
   </datafield>
   <datafield ind2=" " ind1=" " tag="520">
      <subfield code="a">Hi ha zones en les quals el clima no fa variar l'activitat diària de les persones. &#xd;
Hi ha d'altres, però, en els que els ciutadans viuen condicionats, sobretot si &#xd;
es parla de persones amb una condició física desfavorable. El present treball &#xd;
busca dissenyar i desenvolupar una proposta de banc urbà adaptat a zones &#xd;
de climes canviant. L'objectiu és proporcionar una solució accessible als &#xd;
usuaris, oferint-los una opció de descans independentment de la situació &#xd;
meteorològica prèvia al passeig. Mitjançant el mètode predica, que abasta &#xd;
diverses etapes del procés de creació del producte, s'ha creat un banc &#xd;
funcional amb una aparença simple i contemporània, utilitzant materials &#xd;
resistents, duradors i de baix manteniment. El resultat és un banc per a dos &#xd;
usuaris amb un mecanisme giratori d'activació manual, que ofereix una &#xd;
superfície seca en tot moment. En el producte predominen les xapes i tubs &#xd;
d'acer inoxidable, que fa que sigui un procés més econòmic, tot i que, la tria &#xd;
del material elevarà el cost total. Per a llençar el banc al mercat, l'estratègia &#xd;
de l'empresa creadora del banc, L'ur, contactarà amb ajuntaments i entitats &#xd;
privades per a presentar el nou producte. Després de les validacions &#xd;
mecàniques realitzades i, per tant, assegurant la robustesa del producte, es&#xd;
conclou que el producte pot resultar beneficiós no només per un benefici &#xd;
físic de l'usuari, sinó també psicològic i inclusiu.</subfield>
   </datafield>
   <datafield ind2=" " ind1=" " tag="520">
      <subfield code="a">Hay zonas en las cuales el clima no hace variar la actividad diaria de las personas.&#xd;
Sin embargo, hay otros en los que los ciudadanos viven condicionados, sobre todo si&#xd;
se habla de personas con una condición física desfavorable. El presente trabajo&#xd;
busca diseñar y desarrollar una propuesta de banco urbano adaptado a zonas&#xd;
de climas cambiante. El objetivo es proporcionar una solución accesible a los&#xd;
usuarios, ofreciéndoles una opción de descanso independientemente de la situación&#xd;
meteorológica previa en el paseo. Mediante el método predica, que alcanza&#xd;
las etapas del proceso de creación y desarrollo del producto, se ha creado un banco&#xd;
funcional con una apariencia simple y contemporánea, utilizando materiales&#xd;
resistentes, duraderos y de bajo mantenimiento. El resultado es un banco para dos&#xd;
usuarios con un mecanismo giratorio de activación manual, que ofrece una&#xd;
superficie seca en todo momento. En el producto predominan las chapas y tubos&#xd;
de acero inoxidable, que hace que sea un proceso más económico, a pesar de que el material seleccionado elevará el coste total. Para lanzar el banco al mercado, la estrategia&#xd;
de la empresa creadora del banco, L'ur, contactará con ayuntamientos y entidades&#xd;
privadas para presentar el nuevo producto. Después de las validaciones&#xd;
mecánicas realizadas y, por lo tanto, asegurando la robustez del producto, se&#xd;
concluye que el producto puede resultar beneficioso no solo por un beneficio&#xd;
físico del usuario, sino también psicológico e inclusivo.</subfield>
   </datafield>
   <datafield ind2=" " ind1=" " tag="520">
      <subfield code="a">There are areas where the climate does not affect daily activity. There are &#xd;
others, however, that make citizens live conditioned by them, especially for &#xd;
people with an unfavourable physical condition. This work aims to design and &#xd;
develop a proposal for an urban bench adapted to areas with changing &#xd;
climates. The goal is to provide an accessible solution for users, offering &#xd;
them a rest option regardless of the weather conditions prior to the walk. &#xd;
Using the predica method, which covers various stages of the product &#xd;
creation process, a functional bench has been created with a robust and &#xd;
contemporary appearance, using strong, durable and low-maintenance &#xd;
materials. The result is a two-user city bench with a manually activated swivel &#xd;
mechanism, which provides a dry surface at all times. The product is &#xd;
predominantly made of stainless steel pipes and tubes, which makes it a &#xd;
more economical process, although the material is processed in such a way &#xd;
that the cost is higher. In order to bring the bench to the market, the strategy &#xd;
of the company that created the bench, L'ur, will contact municipalities and &#xd;
private entities to present the new product. After the mechanical validations &#xd;
carried out and, therefore, ensuring the robustness of the product, it is &#xd;
concluded that the product can be beneficial not only for the physical benefit &#xd;
of the user, but also psychologically and inclusively.</subfield>
   </datafield>
   <datafield tag="653" ind2=" " ind1=" ">
      <subfield code="a">Àrees temàtiques de la UPC::Arquitectura::Disseny::Disseny industrial</subfield>
   </datafield>
   <datafield tag="653" ind2=" " ind1=" ">
      <subfield code="a">Benches</subfield>
   </datafield>
   <datafield tag="653" ind2=" " ind1=" ">
      <subfield code="a">Industrial design</subfield>
   </datafield>
   <datafield tag="653" ind2=" " ind1=" ">
      <subfield code="a">Sustainable design</subfield>
   </datafield>
   <datafield tag="653" ind2=" " ind1=" ">
      <subfield code="a">Mobiliari</subfield>
   </datafield>
   <datafield tag="653" ind2=" " ind1=" ">
      <subfield code="a">Accesible</subfield>
   </datafield>
   <datafield tag="653" ind2=" " ind1=" ">
      <subfield code="a">Pluja</subfield>
   </datafield>
   <datafield tag="653" ind2=" " ind1=" ">
      <subfield code="a">Banc Urbà</subfield>
   </datafield>
   <datafield tag="653" ind2=" " ind1=" ">
      <subfield code="a">Clima canviant</subfield>
   </datafield>
   <datafield tag="653" ind2=" " ind1=" ">
      <subfield code="a">Predica</subfield>
   </datafield>
   <datafield tag="653" ind2=" " ind1=" ">
      <subfield code="a">Disseny Intuïtiu</subfield>
   </datafield>
   <datafield tag="653" ind2=" " ind1=" ">
      <subfield code="a">Mecanisme giratori</subfield>
   </datafield>
   <datafield tag="653" ind2=" " ind1=" ">
      <subfield code="a">Sequedat</subfield>
   </datafield>
   <datafield tag="653" ind2=" " ind1=" ">
      <subfield code="a">Furniture</subfield>
   </datafield>
   <datafield tag="653" ind2=" " ind1=" ">
      <subfield code="a">Mobiliari urbà</subfield>
   </datafield>
   <datafield tag="653" ind2=" " ind1=" ">
      <subfield code="a">Bancs (Mobles)</subfield>
   </datafield>
   <datafield tag="653" ind2=" " ind1=" ">
      <subfield code="a">Disseny industrial</subfield>
   </datafield>
   <datafield tag="653" ind2=" " ind1=" ">
      <subfield code="a">Disseny sostenible</subfield>
   </datafield>
   <datafield ind2="0" ind1="0" tag="245">
      <subfield code="a">Mobiliari urbà per a zones de clima canviant</subfield>
   </datafield>
</record></metadata></record></GetRecord></OAI-PMH>